000 01723nam a2200409 a 4500
001 ebr10583786
003 CaPaEBR
006 m u
007 cr cn|||||||||
008 120815s2011 enk sb 001 0 eng d
020 _z9781859642399
020 _z9781859642856 (e-book)
040 _aCaPaEBR
_cCaPaEBR
035 _a(OCoLC)808341186
041 1 _aeng
_hara
050 1 4 _aPJ7745.I15
_bU5513 2011eb
100 1 _aIbn 'Abd Rabbi.
245 1 4 _aThe unique necklace
_h[electronic resource] :
_nVolume III =
_bAl-'Iqd al-Farid /
_cIbn 'Abd Rabbi ; translated by Issa J. Boullata ; reviewed by Terri DeYoung.
246 3 _aAl-'Iqd al-Farid
250 _a1st ed.
260 _aReading, U.K. :
_bGarnet Pub.,
_c2011.
300 _ax, 317 p.
490 1 _aUnique necklace ;
_vv. 3
490 1 _aGreat books of Islamic civilization
500 _aAt head of title: Muhammad b. Hamad Al-Thani Center for Muslim Contribution to Civilization.
504 _aIncludes bibliographical references and indexes.
533 _aElectronic reproduction.
_bPalo Alto, Calif. :
_cebrary,
_d2013.
_nAvailable via World Wide Web.
_nAccess may be limited to ebrary affiliated libraries.
650 0 _aArabic literature
_vEarly works to 1800.
650 0 _aIslamic literature
_vEarly works to 1800.
655 7 _aElectronic books.
_2local
700 1 _aBoullata, Issa J.,
_d1929-
700 1 _aDeYoung, Terri.
710 2 _aMuhammad b. Hamad Al-Thani Center for Muslim Contribution to Civilization.
710 2 _aebrary, Inc.
830 0 _aGreat books of Islamic civilisation.
856 4 0 _uhttp://site.ebrary.com/lib/rucke/Doc?id=10583786
_zAn electronic book accessible through the World Wide Web; click to view
999 _c185658
_d185658